Statistics for Smallest Countries by area

Click here to take the quiz!

General Stats

  • This quiz has been taken 304 times
    (302 since last reset)
  • The average score is 6 of 10

Answer Stats

Hint Answer % Correct
10.17Vatican City
93%
20.75Monaco
80%
524San Marino
79%
38.2Nauru
69%
410Tuvalu
62%
662Liechtenstein
60%
10124Malta
54%
8101St Kitts & Nevis
52%
770Marshall Islands
33%
9116Maldives
31%

Score Distribution

Percentile by Number Answered

Percent of People with Each Score

Your Score History

You have not taken this quiz since the last reset